000 00493nam a2200181 i 4500
001 143316
003 ES-MaACL
005 20231228205941.0
007 t|
008 070214s1967 sp a r ||||1| spa d
080 _a821.134.2-31"19"
100 1 _aSender, Ramón J.,
_d1901-1982
_9105441
245 1 0 _aJubileo en el zócalo /
_cRamón J. Sender.
260 _aBarcelona :
_bAymá,
_c1967.
300 _a243 p. :
_bil. ;
_c20 cm.
852 _aES-MaACL
_jC-31882
999 _c143316
_d143316